| 000 | 01213nam0a22003011 4500 | ||
|---|---|---|---|
| 001 | rc\2373453 | ||
| 005 | 20260407082847.0 | ||
| 035 | _a(NLR Aleph) 006687600 | ||
| 090 |
_a5126125 _c5126125 |
||
| 100 | _a20110829d1976 |||y0rusy50 ca | ||
| 101 | 0 | _arus | |
| 102 | _aRU | ||
| 105 | _aa z ||||| | ||
| 200 | 1 |
_aВопросы изучения планетарной трещиноватости _e(Сборник статей) _fГеогр. о-во СССР _g[Отв. ред. С.С. Шульц, Т.В. Николаева] |
|
| 210 |
_aЛенинград _cГеогр. о-во СССР _d1976 |
||
| 215 |
_a103 с., 1 л. ил. _cил. _d20 |
||
| 320 | _aСписок лит.: с. 99-101 | ||
| 606 |
_aГорные породы _jСборники _xТрещиноватость _2rkp |
||
| 702 | 1 |
_aНиколаева _bТ.В. _4340 |
|
| 702 | 1 |
_aШульц _bС.С. _gСергей Сергеевич _4340 |
|
| 712 | 0 | 2 |
_aГеографическое общество СССР _cЛенинград _3RU\NLR\AUTH\888970 _9290443 |
| 801 | 0 |
_aRU _bNLR _gpsbo |
|
| 801 | 1 |
_aRU _bELAR _2rusmarc |
|
| 852 |
_aNLR _j77-3/5092 |
||
| 899 |
_aRuMoRGB _jБ 77-2/1266 |
||
| 899 |
_aRuMoRGB _jБ 77-2/1267 |
||
| 942 | _cBOOK | ||
| 980 | _aNB | ||